000 00429nam a2200157 a 4500
001 000040733
005 20240528201512.0
008 130905s2012 xxuac 000 0 spa d
020 _a9789280646955
040 _aDO-SdBNP
_bspa
_cBNPHU
082 _axxxx
_bxxxx
245 0 0 _aInforme anual de UNICEF.
260 _aNew York, Estados Unidos :
_bUNICEF,
_c2012.
300 _a44 P. :
_bil., retr. ;
_c28 cm.
710 2 _aUNICEF
_983236
999 _c40223
_d40223